000 00593nam a2200205 i 4500
001 182467
003 ES-MaACL
005 20230906221622.0
008 130816s1995 sp |||| | spa d
020 _a84-7962-070-6
080 _a821.134.2-14"19"
100 0 _aRica, Carlos de la,
_d1930-1997
_996845
245 1 0 _aOficio de alquimista /
_cCarlos de la Rica.
260 _aMadrid :
_bVerbum,
_c1995.
300 _a85 p. :
_b1 retr. autor ;
_c20 cm.
490 1 _aVerbum poesía
830 0 _aVerbum poesía
_9179410
852 _aES-MaACL
_j2326-F-3
999 _c182467
_d182467